[Event "Challenge"]
[Site "http://www.queenalice.com/game.php?id=1347482"]
[Date "2015.3.14"]
[Round "-"]
[White "arlesiana"]
[Black "Arianna"]
[Result "1-0"]
[WhiteElo "1357"]
[BlackElo "1372"]

1. e3 e6 2. Nh3 d6 3. Nc3 Nf6 4. e4 Nxe4 5. Nxe4 d5 6. Neg5 Nc6 7. Qf3 f6 8. Qf4
fxg5 9. Nxg5 e5 10. Qh4 h6 11. Nf3 g5 12. Qh5+ Kd7 13. d3 b6 14. Bxg5 Qe8 15.
Qh3+ Kd6 16. Qh4 Be7 17. Bf6 Rf8 18. Bxe7+ Nxe7 19. Qxh6+ Kd7 20. Nxe5+ 1-0

[Event "Challenge"]
[Site "http://www.queenalice.com/game.php?id=1347483"]
[Date "2015.3.14"]
[Round "-"]
[White "arlesiana"]
[Black "Arianna"]
[Result "1-0"]
[WhiteElo "1374"]
[BlackElo "1355"]

1. e3 Nf6 2. h4 b6 3. Nc3 Na6 4. Nf3 Nb4 5. a3 Nc6 6. b4 a5 7. b5 Nb8 8. Nd4 e5
9. Nf5 g6 10. Ng3 c6 11. h5 Nxh5 12. Nxh5 gxh5 13. Rxh5 d6 14. d4 Rg8 15. dxe5
Qe7 16. bxc6 Nxc6 17. Nd5 Qb7 18. Bb2 Nxe5 19. Nf6+ Ke7 20. Nxg8+ 1-0

[Event "Challenge"]
[Site "http://www.queenalice.com/game.php?id=1351270"]
[Date "2015.4.2"]
[Round "-"]
[White "arlesiana"]
[Black "Arianna"]
[Result "1-0"]
[WhiteElo "1339"]
[BlackElo "1390"]

1. h4 e5 2. g3 Be7 3. Nc3 h6 4. e4 Nf6 5. Nd5 c6 6. Nxe7 Qxe7 7. f3 b5 8. d4 d6
9. Be3 Nh5 10. Bf2 Na6 11. d5 Bb7 12. f4 cxd5 13. exd5 Qd7 14. g4 Nxf4 15. a3
1-0

[Event "Challenge"]
[Site "http://www.queenalice.com/game.php?id=1398714"]
[Date "2015.12.13"]
[Round "-"]
[White "recchdegomm1"]
[Black "Arianna"]
[Result "0-1"]
[WhiteElo "1257"]
[BlackElo "1336"]

1. e4 e5 2. Nf3 Nf6 3. d4 Nxe4 4. Bd3 f5 5. O-O exd4 6. a3 a5 7. Re1 Be7 8. b4
Nc6 9. Nh4 O-O 10. b5 Bxh4 11. g3 Bf6 12. Bc4+ d5 13. Bb3 Ne5 14. Nc3 Nxc3 15.
Qh5 g6 16. Qh3 Nf3+ 17. Kg2 Nxe1+ 18. Kf1 Re8 0-1

[Event "Challenge"]
[Site "http://www.queenalice.com/game.php?id=1432242"]
[Date "2016.7.19"]
[Round "-"]
[White "josebaron"]
[Black "Arianna"]
[Result "1-0"]
[WhiteElo "2011"]
[BlackElo "1331"]

1. e4 e5 2. Bc4 Qe7 3. d3 Nf6 4. Nf3 d6 5. h3 Nc6 6. Nc3 Nd4 7. Nxd4 exd4 8. Ne2
Qe5 9. Bf4 Qe7 10. O-O c5 11. Bg5 h6 12. Bh4 a6 13. a4 g5 14. Bg3 Bd7 15. c3 h5
16. f4 gxf4 17. Rxf4 h4 18. Bxh4 Be6 19. Bxf6 Qc7 20. Bxe6 Rg8 21. Bc4 Bg7 22.
Bxg7 Rxg7 23. cxd4 Ke7 24. e5 Kd7 25. exd6 Kxd6 26. dxc5+ Qxc5+ 27. Rd4+ Kc6 28.
Bd5+ Kc7 29. Rc1 b6 30. Bxa8 Rg8 31. Bf3 Rd8 32. Rxc5+ Kb8 33. Rxd8+ Ka7 34.
Rc7# 1-0

[Event "Challenge"]
[Site "http://www.queenalice.com/game.php?id=1435082"]
[Date "2016.8.6"]
[Round "-"]
[White "Arianna"]
[Black "recchdegomm1"]
[Result "0-1"]
[WhiteElo "1349"]
[BlackElo "1305"]

1. e4 Nc6 2. d3 e5 3. Bd2 Nf6 4. f3 Bc5 5. Nc3 O-O 6. Be2 d5 7. exd5 Nxd5 8.
Nxd5 Qxd5 9. c4 Qd4 10. Rb1 Re8 11. Qa4 a5 12. Nh3 Qh4+ 13. g3 Qxh3 14. Bf1 Qf5
15. Rc1 Qxf3 16. Rg1 e4 17. Rg2 exd3+ 18. Be3 Rxe3+ 0-1

[Event "Let's Play Chess!"]
[Site "http://www.queenalice.com/game.php?id=1465124"]
[Date "2017.2.19"]
[Round "-"]
[White "Arianna"]
[Black "igorjava"]
[Result "0-1"]
[WhiteElo "1329"]
[BlackElo "1929"]

1. e4 c5 2. Be2 e6 3. Nf3 Nc6 4. O-O d6 5. d3 Nf6 6. Bd2 Be7 7. b3 O-O 8. Nc3 a6
9. Bf4 h6 10. a4 e5 11. Bg3 b6 12. Nd5 Nb4 13. Nxf6+ Bxf6 14. c3 Nc6 15. d4 cxd4
0-1

[Event "Challenge"]
[Site "http://www.queenalice.com/game.php?id=1598705"]
[Date "2020.2.7"]
[Round "-"]
[White "Arianna"]
[Black "iliov2008"]
[Result "0-1"]
[WhiteElo "1338"]
[BlackElo "1432"]

1. b3 e5 2. e4 d5 3. d3 dxe4 4. Bb2 exd3 5. cxd3 Nf6 6. Be2 Bb4+ 7. Bc3 Bxc3+ 8.
Nxc3 Nc6 9. Nf3 Bg4 10. h3 Bxf3 11. Bxf3 Nd4 12. Bxb7 Rb8 13. Bf3 Nxf3+ 14. Qxf3
h5 15. Qe3 e4 16. Nxe4 Nxe4 17. Qxe4+ Qe7 18. a3 f5 19. Qe2 Qxe2+ 20. Kxe2 O-O
21. Kd2 Rxb3 22. Kc2 Rb6 23. Kd1 Rd8 24. Kd2 Rb2+ 25. Kc1 Rxf2 26. g4 fxg4 27.
hxg4 hxg4 28. Kd1 Rxd3+ 29. Ke1 g3 30. Rd1 Re3# 0-1